Journal of chemical education software; special issue 14 = ChemDemos II

محفوظ في:
التفاصيل البيبلوغرافية
المؤلف الرئيسي: George Gilbert ... [et al.]
التنسيق: كتاب
اللغة:Undetermined
منشور في: Madison, WI Univ. of Wiscosin-Madison 1993
الموضوعات:
الوسوم: إضافة وسم
لا توجد وسوم, كن أول من يضع وسما على هذه التسجيلة!
Thư viện lưu trữ: Trung tâm Học liệu Trường Đại học Cần Thơ
LEADER 00560nam a2200193Ia 4500
001 CTU_55057
008 210402s9999 xx 000 0 und d
020 |b 14350 
082 |a 540 
082 |b J86/sp14 
100 |a George Gilbert ... [et al.] 
245 0 |a Journal of chemical education software; special issue 14 
245 0 |b = ChemDemos II 
245 0 |c George Gilbert ... [et al.] 
260 |a Madison, WI 
260 |b Univ. of Wiscosin-Madison 
260 |c 1993 
650 |a chemistry 
980 |a Trung tâm Học liệu Trường Đại học Cần Thơ